Consolidation and imposition: Panama's 1992 referendum /
Guardat en:
| Autor principal: | |
|---|---|
| Format: | Text |
| Matèries: | |
| Etiquetes: |
Afegir etiqueta
Sense etiquetes, Sigues el primer a etiquetar aquest registre!
|
MARC
| LEADER | 00000 a a2200000 04500 | ||
|---|---|---|---|
| 001 | 8939 | ||
| 003 | |||
| 040 | |||
| 100 | |a Scranton, Margaret E. | ||
| 245 | |a Consolidation and imposition: |b Panama's 1992 referendum / |c Margaret E. Scranton | ||
| 650 | |a POLITICA | ||
| 650 | |a DEMOCRACIA | ||
| 650 | |a PARTICIPACION SOCIAL | ||
| 650 | |a GOBIERNO | ||
| 650 | |a REFORMAS ADMINISTRATIVAS | ||
| 650 | |a ELECCIONES | ||
| 650 | |a PARTIDOS POLITICOS | ||
| 773 | |g volumen 35, número 3; páginas 65-102 | ||
| 999 | |c 25925 |d 25925 | ||
